| 000 | 00690nam a22001697a 4500 | ||
|---|---|---|---|
| 020 | _qHard Cover. | ||
| 082 | _a330 | ||
| 100 | _aAli Asim Malik : Hadia Perwez : Muhammad Shehryar Aslam. | ||
| 245 |
_aThe Implications of Introducing Electric Vehicles in Pakistan by Viewing the Trends in Selected Developing Countries I. E Brics / _cMalik, Ali Asim : Perwez, Hadia : Muhammad Shehryar, Aslam |
||
| 260 |
_aIslamabad: _bS3H NUST, _c2021. |
||
| 300 |
_a43 p. : _bill. ; _c30cm. |
||
| 650 | _aBS-Economics | ||
| 700 |
_aDr. Faisal Jamil _927429 |
||
| 856 | _uhttp://10.250.8.41:8080/xmlui/handle/123456789/24372 | ||
| 942 |
_2ddc _cPR |
||
| 999 |
_c566125 _d566125 |
||